Diaspora-Lebanon - Statistics

General Stats
  • This quiz has been taken 640 times
  • The average score is 22 of 32
Answer Stats
Number of immigrants Continent Country % Correct
500.000 North America United States of America
99%
5.800.000 South America Brazil
98%
190.275 North America Canada
98%
250.000 Europe France
97%
400.000 North America Mexico
97%
1.200.000 South America Argentina
96%
271.000 Oceania Australia
94%
1.000.000 South America Colombia
92%
341.000 South America Venezuela
90%
90.000 South America Chile
86%
120.000 Asia Saudi Arabia
85%
50.000 Europe Germany
84%
80.000 Asia United Arab Emirates
83%
15.935 Europe United Kingdom
81%
5.000 Africa Egypt
77%
11.820 Europe Spain
74%
53.000 South America Uruguay
74%
114.000 Asia Syria
73%
98.000 South America Ecuador
69%
25.000 Asia Qatar
65%
8.500 Oceania New Zealand
63%
41.775 Asia Kuwait
56%
5.100 Africa South Africa
52%
30.000 Europe Greece
51%
26.906 Europe Sweden
51%
80.000 North America Dominican Republic
40%
50.000 Africa Ivory Coast
37%
26.705 Europe Denmark
36%
20.000 Europe Cyprus
30%
30.000 Africa Senegal
29%
21.000 North America Jamaica
28%
33.000-44.000 Africa Sierra Leone
14%
No matching quizzes found
Score Distribution
Percent of People with Each Score
Percentile by Number Answered
Your Score History
You have not taken this quiz